000 00449nam a2200157Ia 4500
005 20250514015449.0
008 240331s9999 xx 000 0 und d
020 _a955200845X
082 _a294
_bABE
100 _aAbeyasundara, P
245 0 _aBaudda samaja palanaya ha aparada viddyawa
260 _aColombo
_bS. Godage & Brothers
_c1993
300 _a131 p .,
500 _aA book on Buddhist Society planning & appearance of the world
942 _cL
999 _c877
_d877